000 00638nam a2200229Ia 4500
003 OSt
005 20220928120501.0
006 a|||||r|||| 00| 0
007 ta
008 220927b |||||||| |||| 00| 0 eng d
024 _a57753
037 _cTextual
040 _aSDCL
_cSDCL
_beng
041 _2eng
_aeng
082 _aV596'N7<-L8, L8
100 _aNewton Gerald
_9449435
245 0 _aNetherlands
_b An historical and cultural survey,1795-1977
260 _aLondon
_bErnest Benn
_c1978
300 _axii,300p
_ccm.
942 _hV596'N7<-L8, L8
_cTEXL
_2CC
999 _c763856
_d763856